Fr. Conceicao Rodrigues College of Engineering

Computer Programming II (Record no. 19084)

MARC details
000 -LEADER
fixed length control field 00288nam a2200133Ia 4500
082 ## - DEWEY DECIMAL CLASSIFICATION NUMBER
Classification number 5.133
Item number MHA
100 ## - MAIN ENTRY--PERSONAL NAME
Personal name Mhala/Aniket
245 ## - TITLE STATEMENT
Title Computer Programming II
260 ## - PUBLICATION, DISTRIBUTION, ETC.
Name of publisher, distributor, etc. Nirali prakashan
Place of publication, distribution, etc. Pune
Date of publication, distribution, etc. 2002
300 ## - PHYSICAL DESCRIPTION
Extent 639
546 ## - LANGUAGE NOTE
Language note ENGLISH
654 ## - SUBJECT ADDED ENTRY--FACETED TOPICAL TERMS
Focus term Programming
942 ## - ADDED ENTRY ELEMENTS (KOHA)
Koha item type BOOK
Holdings
Withdrawn status Lost status Damaged status Not for loan Collection Home library Current library Date acquired Total Checkouts Full call number Barcode Date last seen Price effective from Koha item type
        CRC Fr. Agnel's C.Rodrigues College of Engineering Fr. Agnel's C.Rodrigues College of Engineering 17/03/2023   5.133 MHA 12568 17/03/2023 17/03/2023 BOOK